Tratado teórico práctico de los contratos agrarios (Record no. 137497)

MARC details
000 -LEADER
fixed length control field 00620cam a2200181 4500
005 - DATE AND TIME OF LATEST TRANSACTION
control field 20260216135530.0
008 - FIXED-LENGTH DATA ELEMENTS--GENERAL INFORMATION
fixed length control field 030826s1997 ag 000 0 spa u
050 04 - LIBRARY OF CONGRESS CALL NUMBER
Classification number KHA3846
Item number B74 1997
100 1# - MAIN ENTRY--PERSONAL NAME
Personal name Brebbia, Fernando P.
245 10 - TITLE STATEMENT
Title Tratado teórico práctico de los contratos agrarios
Statement of responsibility, etc / Fernando P. Brebbia, Nancy L. Malanos
250 ## - EDITION STATEMENT
Edition statement 1a ed.
260 ## - PUBLICATION, DISTRIBUTION, ETC. (IMPRINT)
Place of publication, distribution, etc Buenos Aires :
Name of publisher, distributor, etc Rubinzal-Culzoni Editores,
Date of publication, distribution, etc 1997
300 ## - PHYSICAL DESCRIPTION
Extent 589 p. ;
Dimensions 23 cm.
504 ## - BIBLIOGRAPHY, ETC. NOTE
Bibliography, etc Bibliografía : p. 569-574 e índice
650 #7 - SUBJECT ADDED ENTRY--TOPICAL TERM
Source of heading or term lemb
Topical term or geographic name as entry element Contratos agricolas
Geographic subdivision Argentina
700 1# - ADDED ENTRY--PERSONAL NAME
Personal name Malanos, Nancy L.,
Relator term autor
942 ## - ADDED ENTRY ELEMENTS (KOHA)
Source of classification or shelving scheme Biblioteca del Cogreso de los Estados Unidos
Koha item type Libro
Holdings
Estado de pérdida Fuente de clasificación Estado del daño No para préstamo Ubicación permanente Ubicación actual Apartado o colección Fecha de adquisición Edición Área del conocimiento Total Checkouts Clasificación Código de Barras Date last seen Número de copia Costo por reposición Tipo de recurso
  Biblioteca del Cogreso de los Estados Unidos     Biblioteca de la Facultad de Derecho y Ciencias Sociales "Felipe J. Tena" Biblioteca de la Facultad de Derecho y Ciencias Sociales "Felipe J. Tena" General 27/07/2021 1a ed. Ciencias Sociales y Administrativas   KHA3846 B74 1997 BFD000012482 27/07/2021 1 1.00 Libro